| 000 | 00984nam a22002177a 4500 | ||
|---|---|---|---|
| 999 |
_c61265 _d61265 |
||
| 005 | 20240117154728.0 | ||
| 008 | 240117s2021 enk||||| |||| 00| 0 eng d | ||
| 020 | _a9789811513480 | ||
| 041 | _aeng | ||
| 080 | _a611.31 O-68 | ||
| 245 |
_aOral And Maxillofacial Surgery For The Clinician : _bVolume 2 / _cEditors: Krishnamurthy Bonanthaya, Elavenil Panneerselvam, Suvy Manuel, Vinay V. Kumar, Anshul Rai |
||
| 264 |
_agateway East : _bSpringer, _c2021. |
||
| 300 |
_a2008 p. : _bill.; _c28 cm. |
||
| 653 | _aპირის ღრუს და ყბა-სახის ქირურგია | ||
| 700 |
_a Krishnamurthy, Bonanthaya _eრედაქტორი _921065 |
||
| 700 |
_aElavenil, Panneerselvam _eრედაქტორი _921066 |
||
| 700 |
_a Suvy, Manuel _eრედაქტორი _921067 |
||
| 700 |
_a Vinay, V. Kumar _eრედაქტორი _921068 |
||
| 700 |
_a Anshul, Rai _eრედაქტორი _921069 |
||
| 942 |
_2udc _cᲬᲘᲒᲜᲘ |
||